| 000 | 01149nam a22002777a 4500 | ||
|---|---|---|---|
| 001 | BD-DhSAU | ||
| 003 | BD-DhSAU | ||
| 005 | 20250720103718.0 | ||
| 008 | 150420b2005 bg ||||| m||| 00| 0 eng d | ||
| 040 | _aBD-DhSAU | ||
| 082 |
_222 _a635 _bM741 |
||
| 100 |
_aMONAMI, SADIA AHMED _eRegistration No. # 14-06021 |
||
| 245 |
_aLant growth and bulb quality of garlic in relation
To application of humic acid and salicylic acid /
_bMS thesis |
||
| 260 |
_aSher-e-Bangla Agricultural Uniersity : _bDepartment of Horticulture, _c2022. |
||
| 300 |
_axi, 89p. ; _c30 cm. |
||
| 500 | _aMS thesis of Department of Horticulture, Faculty of Agriculture, Sher-e-Bangla Agricultural University, Dhaka, Bangladesh | ||
| 504 | _aIncludes bibliographical reference. | ||
| 590 | _aNazmul | ||
| 650 | _aLant growth and bulb quality | ||
| 651 | _agarlic in relation To | ||
| 654 | _ahumic acid and salicylic acid | ||
| 700 |
_aAssist. Prof. Md. Dulal Sarkar _eSuperviser |
||
| 700 |
_aProf. Dr. Md. Nazrul Islam _eCo-superviser |
||
| 856 | _uhttp://archive.saulibrary.edu.bd:8080/xmlui/handle/123456789/5355 | ||
| 942 |
_2ddc _cTHESIS |
||
| 999 |
_c17553 _d17552 |
||